¿Por qué soy todavía cristiano? /

Enregistré dans:
Détails bibliographiques
Auteur principal: Balthasar, Hans Urs von (autor)
Collectivité auteur: Iglesia Católica. Papa (2005-2013 : Benedicto XVI)
Autres auteurs: Ratzinger, Joseph (autor) (autor)
Format: Livre
Langue:espagnol
Publié: Salamanca, España : Sígueme, 2005, c2005
Collection:(Nueva Alianza Minor ; 20)
Sujets:
Tags: Ajouter un tag

MARC

LEADER 00000nam^a2200000^a^4500
001 000181337
005 20250521000000.0
009 20260310101929.363
020 |a 84-301-1570-6 
037 |a Acervo ITESO - Biblioteca 
041 |a ESP 
082 |a 200.  |b BAL 
100 |a Balthasar, Hans Urs von  |e (autor) 
245 1 0 |a ¿Por qué soy todavía cristiano? /  |c H.U. von Balthasar ; presen. de Franz Henrich ; tr. por José Luis Sandoval. 
264 4 |a Salamanca, España :  |b Sígueme,  |c 2005, c2005 
300 |a 113 p. 
336 |a texto  |b txt  |2 rdacontenido 
337 |a sin mediación  |b n  |2 rdamedio 
338 |a volumen  |b nc  |2 rdasoporte 
440 1 |a (Nueva Alianza Minor ;  |v 20) 
500 |a Traducción de: Zwei Plädoyers 
649 |a XX 
650 |a Iglesia Católica 
650 |a Escatología (Filosofía) 
650 |a Teología 
650 |a Catolicismo 
650 |a Cristianismo -  |x Tema Principal 
650 |a Religión 
710 |a Iglesia Católica.  |b Papa (2005-2013 : Benedicto XVI) 
740 0 |a ¿Por qué permanezco en la Iglesia? /  |c J. Ratzinger ; presen. de Franz Henrich ; tr. por José Luis Sandoval. 
700 |a Ratzinger, Joseph  |e (autor) 
700 |a Ratzinger, Joseph  |e (autor) 
910 |a Fondo General 
920 |a Impresos - Libros 
930 |a Colección General 
905 |a 101 
901 |a 0500121324  |b IT1  |c ACC  |u 20250521 
902 |a https://opac.biblio.iteso.mx/vufind/Record/000181337